000 00270nam a2200121Ia 4500
008 191201s2012 xx 000 0 und d
100 _aRAVCHANDRAN,D
245 0 _aProgramming with C++
260 _bTMH
_c2012
300 _a843
650 _aB.Tech(IT)
942 _2ddc
_cBK
999 _c7121
_d7121